| 000 | 01424nam a2200265Ia 4500 | ||
|---|---|---|---|
| 999 |
_c53833 _d53833 |
||
| 001 | 20884 | ||
| 003 | GE_BSU | ||
| 005 | 20200521135438.0 | ||
| 008 | 181216s2016 xx |||||||||||||| ||geo|| | ||
| 020 | _a9789941947827 | ||
| 040 | _cGE_BSU | ||
| 041 | _ageo | ||
| 080 | _a340.6+343.132 ლ -81 | ||
| 100 |
_aლომსაძე, მალხაზ. _9562 |
||
| 245 |
_aექსპერტიზის დანიშვნის საფუძველი, სახეები და ექსპერტის წინაშე დასასმელი კითხვები გამოძიების პროცესში / _cმალხაზ ლომსაძე ; რედ . ბადრი ბიწაძე. |
||
| 250 | _aმე-4 შესწორებული და გადამუშავებული გამოცემა | ||
| 264 |
_aთბილისი : _bბონა კაუზა, _c2016 |
||
| 300 |
_a175 გვ .: _c19 სმ. |
||
| 440 |
_aიურისტის ბიბლიოთეკა _9137 |
||
| 504 | _aბიბლიოგრ.: გვ. 165-167 | ||
| 653 | _aსამართალი | ||
| 653 | _aსასამართლო ექსპერტიზა. დანაშაულის გამოძიება | ||
| 700 |
_aბიწაძე, ბადრი _eრედაქტორი _98146 |
||
| 942 |
_cBK _2udc |
||